000 01115nam a2200265 a 4500
001 000022181
005 20200930011622.0
008 100917s2004 cl a 000 0 spa d
020 _a9567684081
040 _aDO-SdBNP
_bspa
_cBNPHU
082 _a355.0946
_bM644s
245 0 4 _aLos militares y la sociedad en la Europa del siglo XXI :
_bun análisis comparativo /
_ctraducción de María Angélica Rojas Andonaegui ; prólogo de Omar Gutiérrez ; prefacio de Robert Kennedy.
260 _aSantiago de Chile :
_bKonrad Adenauer Stiftung,
_c2004.
300 _a546 p. ;
_c25 cm.
504 _aIncluye referencias bibliográficas y notas al pie de las páginas.
534 _aTítulo original:
_bMilitary and society in 21 st. Century Europe - A comparative analysis
650 4 _aEjército
_zEspaña
_xHistoria
_ySIGLO XXI
_945892
651 4 _aEspaña
_xEjército
_xHistoria
_945893
651 4 _aEspaña
_xHistoria Militar
_945894
700 1 _aRojas Andonaegui, María Angélica,
_etr.
_945895
700 1 _aGutiérrez, Omar,
_epról.
_945896
700 1 _aKennedy, Robert
_945897
910 _aWM
049 _aBNGR
999 _c21679
_d21679